Artificios del deseo: la formación del sujeto en querido Diego, te abraza Quiela
El dialogismo y la mirada generativa de M. Bajtin se ofrecen como instrumentos claves para desentrañar los mecanismos de conversión de persona histórica en escritura
Guardado en:
| Hovedforfatter: | |
|---|---|
| Format: | Ukendt |
| Udgivet: |
Venezuela:
Universidad Simón Bolivar,
|
| Fag: | |
| Tags: |
Tilføj Tag
Ingen Tags, Vær først til at tagge denne postø!
|
MARC
| LEADER | 000000000a22000000004500 | ||
|---|---|---|---|
| 001 | 000043 | ||
| 022 | |a 0798-958-X | ||
| 100 | 1 | |a Croquer, Eleonora | |
| 245 | 1 | 0 | |a Artificios del deseo: la formación del sujeto en querido Diego, te abraza Quiela |
| 260 | |a Venezuela: |b Universidad Simón Bolivar, | ||
| 310 | |a semestral | ||
| 520 | |a El dialogismo y la mirada generativa de M. Bajtin se ofrecen como instrumentos claves para desentrañar los mecanismos de conversión de persona histórica en escritura | ||
| 650 | 4 | |a LITERATURA MEXICANA | |
| 650 | 4 | |a PONIATOWSKA, ELENA, 1933- | |
| 650 | 4 | |a PSICOANALISIS | |
| 650 | 4 | |a METAFORA | |
| 773 | 0 | |t Estudios: Revista de Investigaciones Literarias | |
| 773 | 0 | |g 2 | |
| 773 | 0 | |g 3 | |
| 773 | 0 | |g 1994 | |
| 773 | 0 | |g 111-134 | |
| 999 | |c 793 |d 793 | ||
